|
|
|
|
| LEADER |
00589nam a22001577a 4500 |
| 020 |
|
|
|a 9780000301512
|
| 082 |
|
|
|b ACH/V Q5
|a 894.M07
|
| 100 |
|
|
|a Acharyasree Visakham Thirunal
|9 303944
|
| 245 |
|
|
|a Vyasadarsanam
|
| 260 |
|
|
|a Cherthala;
|b Bharath Institute of Scientific Heritage;
|c 2015
|
| 300 |
|
|
|a 174p.
|
| 650 |
|
|
|a മലയാളം;പഠനം
|9 312732
|
| 650 |
|
|
|a Malayalam;Study
|9 312733
|
| 942 |
|
|
|c BK
|
| 999 |
|
|
|c 75943
|d 75943
|
| 952 |
|
|
|0 0
|1 0
|4 0
|6 894_000000000000000_M07_ACH_V_Q5
|7 0
|8 STU
|9 89225
|a MAL
|b MAL
|d 2017-03-28
|e 58736
|g 130.00
|l 0
|o 894.M07 ACH/V Q5
|p MAL058736
|r 2017-03-28
|t 1
|w 2017-03-28
|y BK
|